Культурное разнообразие в контексте мультикультурализма; Известия Томского политехнического университета [Известия ТПУ]; Т. 321, № 6 : Экономика. Философия, социология и культурология. История
| Parent link: | Известия Томского политехнического университета [Известия ТПУ]/ Томский политехнический университет (ТПУ).— , 2000- Т. 321, № 6 : Экономика. Философия, социология и культурология. История.— 2012.— [С. 197-200] |
|---|---|
| Main Author: | |
| Summary: | Заглавие с титульного листа Электронная версия печатной публикации Представлен анализ мультикультурализма как направления западной философии, возникшего как ответ на культурное и религиозное разнообразие. Исследуется политика идентичности, различия и признания. Изучаются теоретические источники мультикультурализма: теория В. Кимлика, основанная на либеральных ценностях автономии и равенства; "политика признания" Ч. Тайлора; идея диалога, направленная против мологического "Я" классической культуры и формирующая плюрализм современной культуры. Рассмотрены различные оценки мультикультурализма как интеллектуального движения. Проведен анализ научной проблематики мультикультурализма, которая охватывает обширный круг проблем: поиск новых форм политического действия; формирование альтернативной культуры; создание посттрадиционных парадигм политической философии и философии культуры; анализ вопросов присоединения, идентичности, равенства и т. п. Выделены ключевые проблемы в дискуссиях мультикультурализма. |
| Language: | Russian |
| Published: |
2012
|
| Series: | Философия, социология и культурология |
| Subjects: | |
| Online Access: | http://earchive.tpu.ru/bitstream/11683/4599/1/bulletin_tpu-2012-321-6-41.pdf |
| Format: | Electronic Book Chapter |
| KOHA link: | https://koha.lib.tpu.ru/cgi-bin/koha/opac-detail.pl?biblionumber=233675 |
MARC
| LEADER | 00000nla2a2200000 4500 | ||
|---|---|---|---|
| 001 | 233675 | ||
| 005 | 20231031203615.0 | ||
| 035 | |a (RuTPU)RU\TPU\book\254754 | ||
| 035 | |a RU\TPU\book\254753 | ||
| 090 | |a 233675 | ||
| 100 | |a 20130307d2012 k y0rusy50 ca | ||
| 101 | 0 | |a rus | |
| 102 | |a RU | ||
| 135 | |a drnn ---uucaa | ||
| 181 | 0 | |a i | |
| 182 | 0 | |a b | |
| 200 | 1 | |a Культурное разнообразие в контексте мультикультурализма |b Электронный ресурс |f Л. А. Коробейникова | |
| 203 | |a Текст |c электронный | ||
| 215 | |a 1 файл (76 Кб) | ||
| 225 | 1 | |a Философия, социология и культурология | |
| 230 | |a Электронные текстовые данные (1 файл : 76 Кб) | ||
| 300 | |a Заглавие с титульного листа | ||
| 300 | |a Электронная версия печатной публикации | ||
| 320 | |a [Библиогр.: с. 200 (8 назв.)] | ||
| 330 | |a Представлен анализ мультикультурализма как направления западной философии, возникшего как ответ на культурное и религиозное разнообразие. Исследуется политика идентичности, различия и признания. Изучаются теоретические источники мультикультурализма: теория В. Кимлика, основанная на либеральных ценностях автономии и равенства; "политика признания" Ч. Тайлора; идея диалога, направленная против мологического "Я" классической культуры и формирующая плюрализм современной культуры. Рассмотрены различные оценки мультикультурализма как интеллектуального движения. Проведен анализ научной проблематики мультикультурализма, которая охватывает обширный круг проблем: поиск новых форм политического действия; формирование альтернативной культуры; создание посттрадиционных парадигм политической философии и философии культуры; анализ вопросов присоединения, идентичности, равенства и т. п. Выделены ключевые проблемы в дискуссиях мультикультурализма. | ||
| 337 | |a Adobe Reader | ||
| 461 | 1 | |0 (RuTPU)RU\TPU\book\176237 |t Известия Томского политехнического университета [Известия ТПУ] |f Томский политехнический университет (ТПУ) |d 2000- | |
| 463 | 1 | |0 (RuTPU)RU\TPU\book\254614 |x 1684-8519 |t Т. 321, № 6 : Экономика. Философия, социология и культурология. История |v [С. 197-200] |d 2012 |p 264 с. | |
| 610 | 1 | |a мультикультурализм | |
| 610 | 1 | |a культура | |
| 610 | 1 | |a культурные меньшинства | |
| 610 | 1 | |a труды учёных ТПУ | |
| 610 | 1 | |a электронный ресурс | |
| 700 | 1 | |a Коробейникова |b Л. А. |c российский философ |c профессор Томского политехнического университета, доктор философских наук |f 1958- |g Лариса Александровна |2 stltpush |3 (RuTPU)RU\TPU\pers\27135 | |
| 801 | 1 | |a RU |b 63413507 |c 20090623 |g PSBO | |
| 801 | 2 | |a RU |b 63413507 |c 20220124 |g PSBO | |
| 856 | 4 | |u http://earchive.tpu.ru/bitstream/11683/4599/1/bulletin_tpu-2012-321-6-41.pdf | |
| 942 | |c CF | ||